| 000 | 01680cam a22004574i 4500 | ||
|---|---|---|---|
| 003 | PE-LiUPU | ||
| 005 | 20250731173338.0 | ||
| 008 | 150706s r 000 0 d | ||
| 020 | _a0567028011 | ||
| 035 | _a(Sirsi) i9780567028013 | ||
| 040 |
_aPE-LiUPU _bspa _cPE-LiUPU _erda |
||
| 049 | _aPRUA | ||
| 082 | 0 | 4 |
_a225.6 _bS21 _221 |
| 245 | 0 | 1 |
_aHistory and exegesis : _bNew Testament essays in honor of Dr. E. Earle Ellis for his 80th birthday / _ceditado por Sang-Won (Aaron) Son. |
| 264 | 1 |
_aNew York : _bT and T Clark, _c2006. |
|
| 300 |
_a397 páginas ; _c25 centímetros |
||
| 336 |
_atext _2rdacontent |
||
| 337 |
_aunmediated _2rdamedia |
||
| 338 |
_avolume _2rdacarrier |
||
| 505 | 0 | _aE. Earle Ellis -- Gospels And Acts -- Paul's Letters -- Perspectives on New Testament interpretation. | |
| 526 | _aSEG42 | ||
| 526 | _aSEG41 | ||
| 526 | _aSEG40 | ||
| 526 | _aSEG39 | ||
| 526 | _aP94 | ||
| 526 | _aP87 | ||
| 526 | _aP86 | ||
| 526 | _aP85 | ||
| 526 | _aP77 | ||
| 526 | _aP76 | ||
| 526 | _aP35 | ||
| 541 | _g20081126230934D47324; | ||
| 630 |
_aBiblia. _pN.T. _xCrítica, interpretación, etc. |
||
| 700 | 1 |
_aSang-Won (Aaron) Son, _eed. |
|
| 910 |
_agl _bjv _clch _d20090817 |
||
| 942 |
_2ddc _cBOOK |
||
| 949 |
_a225.6 S21 _wDEWEY _c1 _i59843 _lCCODEBUL1 _mBUL _p63.00 _r0 _sY _tBOOK _u2015-7-6 _xTEOLOGIA _PP85 _0COMPRA _o.STAFF. Colección General |
||
| 994 |
_aC0 _bPEPRU |
||
| 596 | _a1 | ||
| 999 |
_a225.6 S21 _wDEWEY _c49378 _i59843 _f2021-11-9 _g6 _lCCODEBUL1 _mBUL _p63.00 _r0 _sY _tBOOK _u2015-7-6 _xTEOLOGIA _PP85 _0COMPRA _o.STAFF. Colección General _d49378 |
||
| 980 |
_81 _gALBERTO SANCHEZ Responsable de Automatización |
||